000 01622nam0a2200289 i 4500
001 RU\NLR\bibl\928048
005 20260405145724.0
035 _a(NLR Aleph) 000916289
090 _a71371
_c71371
100 _a20060407d2003 |||y0rusy50 ca
101 0 _arus
102 _aRU
105 _ay dm |||||
135 _acrgn 008aaaba
200 1 _aФормирование гуманистических ценностных ориентаций учащихся старших классов средствами художественной культуры
_e(на материале Алтайского края)
_eавтореф. дис. на соиск. учен. степ. к.п.н.
_eспец. 13.00.01
_fАпанасенко Ольга Николаевна
_g[Алт. акад. экономики и права]
210 _aБарнаул
_cБ.и.
_d2003
215 _a25 с.
_d21
320 _aБиблиогр.: с. 24-25 (12 назв.)
325 _aКопия доступна в Электрон. б-ке РНБ
686 _a13.00.01
_2oksvnk
700 1 _4070
_8rus
_7ca
_aАпанасенко
_bО. Н.
_gОльга Николаевна
_3RU\NLR\auth\7761123
_944053
801 0 _aRU
_bNLR
_c20060407
_grcr
801 1 _aRU
_bNLR
_c20060407
901 _eАвторефераты
942 _cBOOK
981 1 0 _a(10) Авторефераты
_b(10) 13.00.00 Педагогические науки
_b13.00.01 Общая педагогика, история педагогики и образования